| 000 | 01116nam a22002657a 4500 | ||
|---|---|---|---|
| 999 |
_c14202 _d14202 |
||
| 003 | AR-CdUCM | ||
| 008 | 190422b ||||| |||| 00| 0 spa d | ||
| 020 | _a958-9121-03-9 | ||
| 040 |
_aMUNICIPALIDAD PROVINCIAL DEL CUSCO _cBIBLIOTECA MUNICIPAL DEL CUSCO |
||
| 041 | _heng | ||
| 082 |
_a025.431 / _bD65 |
||
| 100 |
_aDewey, Melvil _932882 |
||
| 245 | _aSistema de Clasificación decimal dewey / | ||
| 260 |
_aBogota : _bRojas Eberhard editores, _c1995. |
||
| 300 | _a4 volumenes ; | ||
| 500 | _aSistemas de clasificación decimal dewey | ||
| 505 | _aContenido: v.1: Caracteristicas principales -- formacion del numero -- el indice -- sumarios -- esquemas -- v.2: generalidades -- filosofia -- religion -- ciencias sociales -- lenguas -- v.3: uso de esquemas -- tecnologia -- artes bellas artes -- geografia -- v.4: abreviaturas -- uso del manual -- notas -- numeros de los esquemas... | ||
| 650 |
_aSistema _97446 |
||
| 650 |
_aClasificación _921385 |
||
| 650 |
_aDewey _932883 |
||
| 650 |
_aLiteratura _983 |
||
| 700 |
_aRojas L, Octavio _932884 |
||
| 942 |
_2ddc _cLIBROS |
||
| 945 |
_apjha _d2019-04-22 |
||